000 00341nam a22001577a 4500
003 SGT
020 _a9788189798857
082 _a618.1
_bK23S
100 _aSINGH. DINESH K.
245 _aKAUMARABHRTYA
260 _aNEW DELHI
_bCHAUKHAMBHA PUB.
_c2023
300 _a472
650 _aAYURVEDA
653 _aKAUMARABHRTYA
942 _2ddc
_cBK
999 _c34529
_d34529